000 00625nam a2200217Ii 4500
003 JO-AjNU
008 230606s9999||||xx |||||||||||||| ||und||
020 _a978-0-495-41135-2/0495-41135-3
040 _aJO-AjNU
_beng
_erda
_cJO-AjNU
041 _aeng
050 1 4 _aTA710.5.D27.2011
100 3 _aDas, Braja/RAMANA,
_eauthor
_94067
245 0 0 _aPrinciples of Soil Dynamics
250 _a2 ed
264 3 1 _aTokyo: Cengage Learning,2011
300 _a562p
336 _atext
_btxt
_2rdacontent
337 _aunmediated
_bn
_2rdamedia
338 _avolume
_bnc
_2rdacarrier
650 4 _aPrinciples of Soil Dynamics
_94068
999 _aE2117
_c2116
_d2116